[Event "ODJM B 2014"]
[Site "Magdeburg GER"]
[Date "2014.06.11"]
[Round "6"]
[White "Hagenbeck-Hübert, Lara"]
[Black "Henning, Marvin"]
[Result "1/2-1/2"]
[Termination "normal"]
[Board "1"]
[WhiteElo "1443"]
[BlackElo "1569"]
[WhiteClock "00:23:00"]
[BlackClock "00:49:41"]
[PlyCount "111"]
[WhiteFideId "12964484"]
[BlackFideId "12957399"]
[EventCountry "GER"]
[EventRounds "9"]
[EventType "swiss"]
[EventDate "2014.06.07"]

1. d4 d6 2. Nf3 g6 3. Bf4 Bg7 4. e3 c6 5. Be2 Nf6 6. h3 h5 7. Nbd2 Nbd7 8. c3
a6 9. a4 Rb8 10. b4 Nd5 11. Qb3 Nxf4 12. exf4 Nf6 13. Ng5 d5 14. h4 Bf5 15. f3
Qc7 16. g3 Qd7 17. Kf2 Ng8 18. Bf1 Nh6 19. Re1 O-O 20. Bh3 Bxh3 21. Rxh3 Rbe8
22. Rhh1 e6 23. Qc2 Re7 24. Nb3 Rfe8 25. Nc5 Qd6 26. Kg2 b6 27. Nd3 f6 28. Nh3
e5 29. fxe5 fxe5 30. dxe5 Bxe5 31. Nxe5 Rxe5 32. Rxe5 Rxe5 33. Nf4 Nf5 34. Kf2
Re3 35. Re1 Rxe1 36. Kxe1 Nxg3 37. Qxg6+ Qxg6 38. Nxg6 Nf5 39. Ne5 Nxh4 40. Kf2
c5 41. bxc5 bxc5 42. Nd7 Nf5 43. Nxc5 d4 44. cxd4 Nxd4 45. Nxa6 Kg7 46. Nc5 Kf6
47. a5 Nc6 48. a6 Ke5 49. Nd7+ Kd6 50. Nb8 Na7 51. f4 Kc7 52. f5 Nb5 53. f6 Nd6
54. Nd7 Ne4+ 55. Ke3 Nxf6 56. Nxf6 1/2-1/2

[Event "ODJM B 2014"]
[Site "Magdeburg GER"]
[Date "2014.06.11"]
[Round "6"]
[White "Reyher, Susan"]
[Black "Schmidt, Alexandra"]
[Result "1-0"]
[Termination "normal"]
[Board "2"]
[WhiteElo "1436"]
[BlackElo "1518"]
[WhiteClock "00:49:52"]
[BlackClock "01:01:36"]
[PlyCount "91"]
[WhiteFideId "24686107"]
[BlackFideId "12946036"]
[EventCountry "GER"]
[EventRounds "9"]
[EventType "swiss"]
[EventDate "2014.06.07"]

1. e4 e6 2. d4 d5 3. exd5 exd5 4. Bd3 c5 5. dxc5 Bxc5 6. Nc3 Nf6 7. Bg5 Bxf2+
8. Kxf2 Ng4+ 9. Qxg4 Qb6+ 10. Be3 Qxe3+ 11. Kxe3 Bxg4 12. Nxd5 Kd7 13. Ne2 Nc6
14. h3 Be6 15. Nef4 Rhe8 16. Nxe6 Rxe6+ 17. Kd2 Rd6 18. Nc3 Ne5 19. Rae1 f6 20.
Kc1 Nxd3+ 21. cxd3 Rxd3 22. Rd1 Rxd1+ 23. Rxd1+ Ke6 24. Re1+ Kf7 25. Nb5 Rc8+
26. Kb1 Rd8 27. Nxa7 Rd2 28. g4 Rh2 29. Nb5 Rxh3 30. Nd6+ Kg6 31. Nxb7 Rg3 32.
Re4 Rg1+ 33. Kc2 Rg2+ 34. Kc3 Rg3+ 35. Kb4 Rg2 36. Ka3 Rg3+ 37. b3 Rg2 38. b4
Kg5 39. b5 Rxg4 40. Rxg4+ Kxg4 41. b6 h5 42. Nc5 h4 43. b7 h3 44. b8=Q g5 45.
Ne4 f5 46. Qg3+ 1-0

[Event "ODJM B 2014"]
[Site "Magdeburg GER"]
[Date "2014.06.11"]
[Round "6"]
[White "Tham, Minh"]
[Black "Meyer, Nico"]
[Result "0-1"]
[Termination "normal"]
[Board "3"]
[WhiteElo "1275"]
[BlackElo "1486"]
[WhiteClock "00:44:38"]
[BlackClock "00:01:13"]
[PlyCount "84"]
[WhiteFideId "12997323"]
[BlackFideId "12975257"]
[EventCountry "GER"]
[EventRounds "9"]
[EventType "swiss"]
[EventDate "2014.06.07"]

1. d4 c5 2. c3 e6 3. e4 b6 4. Nf3 Bb7 5. e5 f6 6. exf6 Nxf6 7. Be2 Be7 8. Nbd2
Nc6 9. Nf1 cxd4 10. cxd4 Rc8 11. Ng3 Nb4 12. Bd3 Nxd3+ 13. Qxd3 Bb4+ 14. Bd2
Bxd2+ 15. Qxd2 Bxf3 16. gxf3 O-O 17. O-O Nd5 18. Kg2 Qf6 19. Qd1 Qg6 20. Qb1
Qxb1 21. Raxb1 Rc2 22. Kg1 Rxf3 23. Nh1 Rd2 24. Rfd1 Rfd3 25. Rxd2 Rxd2 26. Ng3
Rxd4 27. Rc1 Kf7 28. Rc8 Rd2 29. Ra8 a5 30. Rd8 Nf4 31. b3 h5 32. h4 Nh3+ 33.
Kh2 Nxf2 34. Nxh5 g6 35. Ng3 Ne4+ 36. Kh3 Rd3 37. Rb8 Rxg3+ 38. Kh2 Rg4 39.
Rxb6 Rxh4+ 40. Kg2 Nc3 41. Rb7 Ke7 42. a3 Rh5 0-1

[Event "ODJM B 2014"]
[Site "Magdeburg GER"]
[Date "2014.06.11"]
[Round "6"]
[White "Wiemann, Daniel"]
[Black "Lange, Cecilia"]
[Result "0-1"]
[Termination "normal"]
[Board "4"]
[WhiteElo "1393"]
[BlackElo "1553"]
[WhiteClock "01:04:31"]
[BlackClock "00:51:44"]
[PlyCount "162"]
[WhiteFideId "12942944"]
[BlackFideId "12976040"]
[EventCountry "GER"]
[EventRounds "9"]
[EventType "swiss"]
[EventDate "2014.06.07"]

1. e4 c6 2. Nc3 d5 3. Nf3 dxe4 4. Nxe4 Nd7 5. d4 Ngf6 6. Ng3 e6 7. Bd3 Be7 8.
O-O O-O 9. Bf4 b6 10. Ng5 h6 11. Nh3 Nd5 12. Bd2 Bb7 13. a3 c5 14. c3 cxd4 15.
cxd4 Bf6 16. Ne2 a6 17. Qb1 b5 18. Qc1 Rc8 19. Qb1 N7b6 20. Rc1 Qd7 21. Rc2
Rxc2 22. Bxc2 Nc4 23. Qc1 Nxd2 24. Qxd2 Rd8 25. Rd1 Qc6 26. f3 Qb6 27. Kh1 Ne7
28. Be4 Bd5 29. Bxd5 Nxd5 30. Nf2 Ne7 31. Ne4 Nd5 32. Nxf6+ Nxf6 33. Qc2 Nd7
34. f4 Nb8 35. Qc3 Qc6 36. Qxc6 Nxc6 37. Kg1 Kf8 38. Kf2 Ke7 39. Ke3 a5 40. Rc1
Rd6 41. Rc5 b4 42. axb4 axb4 43. b3 Kd7 44. Rb5 Kc7 45. Ke4 f5+ 46. Ke3 Rd8 47.
Rc5 Kd6 48. h4 Ra8 49. Rc2 Ra3 50. Rb2 Kd5 51. g3 Na5 52. Kd3 Rxb3+ 53. Rxb3
Nxb3 54. h5 Na5 55. Nc1 b3 56. Kc3 Ke4 57. Nxb3 Nxb3 58. Kxb3 Kxd4 59. Kc2 e5
60. fxe5 Kxe5 61. Kd2 f4 62. Ke2 fxg3 63. Kf3 Kf5 64. Kxg3 Kg5 65. Kh3 Kxh5 66.
Kg3 Kg5 67. Kh3 Kf4 68. Kh4 g6 69. Kh3 Kf3 70. Kh2 g5 71. Kh3 h5 72. Kh2 Kf2
73. Kh3 g4+ 74. Kh2 g3+ 75. Kh3 g2 76. Kh4 g1=Q 77. Kxh5 Kf3 78. Kh6 Kf4 79.
Kh7 Kf5 80. Kh8 Kf6 81. Kh7 Qg7# 0-1

[Event "ODJM B 2014"]
[Site "Magdeburg GER"]
[Date "2014.06.11"]
[Round "6"]
[White "Glaser, Maximilian"]
[Black "Bethke, Robert"]
[Result "1/2-1/2"]
[Termination "normal"]
[Board "5"]
[WhiteElo "1397"]
[BlackElo "1545"]
[WhiteClock "00:51:33"]
[BlackClock "00:45:00"]
[PlyCount "79"]
[WhiteFideId "12956961"]
[BlackFideId "12959251"]
[EventCountry "GER"]
[EventRounds "9"]
[EventType "swiss"]
[EventDate "2014.06.07"]

1. d4 c5 2. Nf3 cxd4 3. Nxd4 d5 4. Nc3 Nf6 5. Bf4 Nc6 6. e3 e6 7. Be2 Bd6 8.
Bg5 Be7 9. O-O O-O 10. Bd3 h6 11. Bh4 e5 12. Nb3 Be6 13. Bxf6 Bxf6 14. Nc5 Rb8
15. Nxe6 fxe6 16. e4 d4 17. Na4 Be7 18. b3 b5 19. Nb2 Ba3 20. Rb1 a6 21. Qg4
Qf6 22. Nd1 Rbc8 23. f3 Rfe8 24. Rf2 Bd6 25. a4 Rb8 26. axb5 axb5 27. Rf1 Nb4
28. Nf2 Nxd3 29. cxd3 Rbc8 30. Rbc1 Rc3 31. Rxc3 dxc3 32. Rc1 Rc8 33. Rc2 b4
34. Nd1 Ra8 35. Nxc3 bxc3 36. Rxc3 Ra1+ 37. Kf2 Ra2+ 38. Kf1 Ra1+ 39. Ke2 Ra2+
40. Kf1 1/2-1/2

[Event "ODJM B 2014"]
[Site "Magdeburg GER"]
[Date "2014.06.11"]
[Round "6"]
[White "Silber, Kevin"]
[Black "Friedrich, Robert"]
[Result "1-0"]
[Termination "normal"]
[Board "6"]
[WhiteElo "1522"]
[BlackElo "1397"]
[WhiteClock "00:57:58"]
[BlackClock "01:16:53"]
[PlyCount "89"]
[WhiteFideId "12930440"]
[BlackFideId "1271541"]
[EventCountry "GER"]
[EventRounds "9"]
[EventType "swiss"]
[EventDate "2014.06.07"]

1. e4 e5 2. Bc4 Nf6 3. Nf3 d6 4. Ng5 d5 5. exd5 Bc5 6. O-O h6 7. Nf3 Bg4 8. Re1
Nbd7 9. d4 Bd6 10. dxe5 Nxe5 11. Bf4 Nfd7 12. Bxe5 Nxe5 13. Nxe5 Bxd1 14. Nc6+
Kd7 15. Nxd8 Bxc2 16. Nxf7 Bb4 17. Nxh8 Bxe1 18. Na3 Bxf2+ 19. Kxf2 Rf8+ 20.
Ke3 Bh7 21. Rf1 Rxh8 22. Rf7+ Kd6 23. Rxg7 Re8+ 24. Kd2 Be4 25. Nb5+ Kc5 26.
Rxc7+ Kb6 27. Rxb7+ Kxb7 28. Nd6+ Kb6 29. Nxe8 Bxg2 30. d6 Bh3 31. Nf6 Kc6 32.
d7 Bxd7 33. Nxd7 Kxd7 34. Kc3 Kd6 35. Kb4 Kc6 36. h3 Kb6 37. a4 a5+ 38. Kc3 Kc5
39. Be6 h5 40. h4 Kd6 41. Bf7 Ke7 42. Bxh5 Kf6 43. Be2 Kf5 44. h5 Kg5 45. Kc4
1-0

[Event "ODJM B 2014"]
[Site "Magdeburg GER"]
[Date "2014.06.11"]
[Round "6"]
[White "Hoang, Viet Long"]
[Black "Thumm, Niklas"]
[Result "0-1"]
[Termination "normal"]
[Board "7"]
[WhiteElo "1459"]
[BlackElo "1521"]
[PlyCount "86"]
[WhiteFideId "12964824"]
[BlackFideId "12918733"]
[EventCountry "GER"]
[EventRounds "9"]
[EventType "swiss"]
[EventDate "2014.06.07"]

1. e4 e5 2. Nf3 Nc6 3. Bc4 Bc5 4. d3 Nf6 5. Bg5 h6 6. Bh4 d6 7. c3 g5 8. Nxg5
hxg5 9. Bxg5 Rg8 10. h4 Rg6 11. Qd2 Be6 12. Bxe6 fxe6 13. b4 Bb6 14. b5 Nb8 15.
f4 Nbd7 16. fxe5 Nxe5 17. d4 Neg4 18. Rf1 e5 19. d5 Qe7 20. Qe2 Qg7 21. Nd2
O-O-O 22. O-O-O Rf8 23. Nf3 Kb8 24. Kc2 Qg8 25. Rd3 Nh5 26. Nd2 Rxf1 27. Qxf1
Rxg5 28. hxg5 Ne3+ 29. Rxe3 Bxe3 30. Qf3 Bxd2 31. Qxh5 Bxg5 32. g4 c6 33. bxc6
bxc6 34. dxc6 Qxa2+ 35. Kd3 Qb1+ 36. Kc4 Qxe4+ 37. Kb3 Qd5+ 38. Kc2 Qa2+ 39.
Kd3 Qd2+ 40. Kc4 a5 41. Kb5 Qd3+ 42. Ka4 Qc4+ 43. Ka3 Bc1# 0-1

[Event "ODJM B 2014"]
[Site "Magdeburg GER"]
[Date "2014.06.11"]
[Round "6"]
[White "Eggert, Daniela"]
[Black "Biermann, Florian"]
[Result "1-0"]
[Termination "normal"]
[Board "8"]
[WhiteElo "1405"]
[BlackElo "1725"]
[PlyCount "79"]
[WhiteFideId "12991490"]
[BlackFideId "12970069"]
[EventCountry "GER"]
[EventRounds "9"]
[EventType "swiss"]
[EventDate "2014.06.07"]

1. e4 c5 2. Nf3 e6 3. d4 cxd4 4. Nxd4 a6 5. Nc3 Qc7 6. a3 Nf6 7. Nf3 Nc6 8. g3
d6 9. Bg5 Be7 10. Nd4 O-O 11. Bg2 h6 12. Be3 Bd7 13. f4 Rac8 14. Qf3 b5 15. f5
Nxd4 16. Bxd4 a5 17. Rc1 b4 18. axb4 axb4 19. Ne2 e5 20. Bf2 Bc6 21. Qd3 Qb7
22. O-O Nxe4 23. g4 Nxf2 24. Rxf2 Bxg2 25. Rxg2 e4 26. Qg3 Bg5 27. Nf4 Qa7+ 28.
Kh1 Qa2 29. c3 Rc4 30. h4 Bxf4 31. Qxf4 d5 32. g5 h5 33. g6 fxg6 34. Rxg6 e3
35. Qg5 Qa7 36. f6 Rc7 37. Rg1 Rff7 38. Rxg7+ Rxg7 39. fxg7 Re7 40. Qxd5+ 1-0

[Event "ODJM B 2014"]
[Site "Magdeburg GER"]
[Date "2014.06.11"]
[Round "6"]
[White "Hofele, Mathis"]
[Black "Grund, Melanie"]
[Result "1/2-1/2"]
[Termination "normal"]
[Board "9"]
[WhiteElo "1520"]
[BlackElo "1344"]
[PlyCount "40"]
[WhiteFideId "12963844"]
[BlackFideId "12988804"]
[EventCountry "GER"]
[EventRounds "9"]
[EventType "swiss"]
[EventDate "2014.06.07"]

1. e4 e6 2. d4 g6 3. Nc3 Bg7 4. f4 d6 5. Nf3 Nd7 6. Be2 b6 7. O-O Ne7 8. Qe1
Bb7 9. a3 d5 10. e5 c5 11. Be3 O-O 12. Qf2 cxd4 13. Nxd4 a6 14. g4 Nc6 15. Nxc6
Bxc6 16. Bf3 Rb8 17. Rad1 f6 18. exf6 Nxf6 19. Qe1 Qd7 20. h3 Bb5 1/2-1/2

[Event "ODJM B 2014"]
[Site "Magdeburg GER"]
[Date "2014.06.11"]
[Round "6"]
[White "Trömer, Felix"]
[Black "Von Jan, Lena"]
[Result "1/2-1/2"]
[Termination "normal"]
[Board "10"]
[WhiteElo "1438"]
[BlackElo "1322"]
[PlyCount "95"]
[WhiteFideId "12992879"]
[BlackFideId "12946060"]
[EventCountry "GER"]
[EventRounds "9"]
[EventType "swiss"]
[EventDate "2014.06.07"]

1. e4 e5 2. Nf3 Nc6 3. Nc3 Nf6 4. Bb5 a6 5. Bxc6 dxc6 6. d3 Bd6 7. O-O O-O 8.
Bg5 Re8 9. Ne2 Bg4 10. Ng3 h6 11. Bd2 Qe7 12. h3 Be6 13. Bc3 Bd7 14. Qe1 Rab8
15. Qe3 Ra8 16. Bd2 Bc5 17. Qe2 Rac8 18. Be3 Bd6 19. Rad1 c5 20. Bc1 b6 21. Nh4
Bc6 22. Nhf5 Qd7 23. Nh5 Nxh5 24. Qxh5 Qe6 25. Qg4 Qg6 26. Qf3 Bd7 27. Nh4 Qe6
28. Qg3 Kh8 29. Nf5 Qg6 30. Nxd6 cxd6 31. Qxg6 fxg6 32. f4 Kg8 33. fxe5 Rxe5
34. Rf3 Re6 35. Rdf1 Rce8 36. Rf7 R6e7 37. Rxe7 Rxe7 38. Bf4 Re6 39. b3 b5 40.
Bd2 Bc6 41. Re1 g5 42. a3 Re8 43. Ba5 Kh7 44. Bb6 Bd7 45. Ba5 g4 46. hxg4 Bxg4
47. Bc3 Kg8 48. Bd2 1/2-1/2

[Event "ODJM B 2014"]
[Site "Magdeburg GER"]
[Date "2014.06.11"]
[Round "6"]
[White "Rose, Luis Stratos"]
[Black "Manco, Michela"]
[Result "1-0"]
[Termination "normal"]
[Board "11"]
[WhiteElo "1392"]
[BlackElo "1541"]
[PlyCount "93"]
[WhiteFideId "12976008"]
[BlackFideId "12943908"]
[EventCountry "GER"]
[EventRounds "9"]
[EventType "swiss"]
[EventDate "2014.06.07"]

1. d4 d5 2. c4 e6 3. Nc3 Nf6 4. cxd5 exd5 5. Bg5 Be7 6. e3 c6 7. Bd3 O-O 8. Qc2
h6 9. Bh4 Be6 10. Nge2 Bd6 11. Bg3 Bxg3 12. hxg3 b5 13. a3 a5 14. Nf4 Qd6 15.
Nh5 Nbd7 16. Nxf6+ Nxf6 17. O-O Rfe8 18. Rac1 Bd7 19. Ne2 a4 20. Qc5 Qxc5 21.
Rxc5 Ne4 22. Bxe4 Rxe4 23. Rfc1 g5 24. Nc3 Re7 25. Na2 Rc8 26. Nb4 Re6 27. Nxd5
Kg7 28. Nb6 Rc7 29. Nxd7 Rxd7 30. Rxc6 Rxc6 31. Rxc6 Rd5 32. Rc5 Rxc5 33. dxc5
Kf8 34. Kf1 Ke7 35. Ke2 Ke6 36. Kd3 Kd5 37. e4+ Kxc5 38. Kc3 h5 39. f4 f6 40.
fxg5 fxg5 41. e5 Kd5 42. e6 Kxe6 43. Kb4 Ke5 44. Kxb5 Ke4 45. Kxa4 Ke3 46. b4
Kf2 47. b5 1-0

[Event "ODJM B 2014"]
[Site "Magdeburg GER"]
[Date "2014.06.11"]
[Round "6"]
[White "Wu, Erik"]
[Black "Kornitzky, Tino"]
[Result "1/2-1/2"]
[Termination "normal"]
[Board "12"]
[WhiteElo "1187"]
[BlackElo "1386"]
[PlyCount "115"]
[WhiteFideId "12977489"]
[BlackFideId "12970379"]
[EventCountry "GER"]
[EventRounds "9"]
[EventType "swiss"]
[EventDate "2014.06.07"]

1. c4 c5 2. Nc3 Nc6 3. g3 g6 4. Bg2 Bg7 5. Nf3 Nf6 6. e3 d6 7. d4 Bf5 8. O-O
O-O 9. Qe2 cxd4 10. exd4 Nb4 11. Bf4 Bd3 12. Qd2 Bxf1 13. Rxf1 Qc7 14. b3 Rad8
15. Nb5 Qa5 16. a3 Nc6 17. b4 Qb6 18. Be3 d5 19. a4 a5 20. Ne5 Nxb4 21. Bf4 Nh5
22. Be3 Bxe5 23. dxe5 Qe6 24. Bh6 dxc4 25. Qc3 Rd3 26. Qc1 Rfd8 27. Be4 R3d7
28. Qc3 Rd1 29. Na3 Rxf1+ 30. Kxf1 f5 31. Bxb7 Rd3 32. Qc1 Qd7 33. Bf3 Rxf3 34.
Qxc4+ e6 35. Nb5 Qd3+ 36. Qxd3 Rxd3 37. Nc7 Rd7 38. Ne8 Nc6 39. f4 Rd4 40. Nc7
Nd8 41. Bg5 Nf7 42. Nxe6 Nxg5 43. Nxd4 Ne4 44. Nc6 Nc5 45. Nxa5 Nxa4 46. Kf2
Kf7 47. Kf3 Ng7 48. h3 Ne6 49. g4 Nc3 50. Nc4 Nd5 51. Nd6+ Kg8 52. gxf5 gxf5
53. Nxf5 Ndxf4 54. h4 Ng6 55. Ke4 Ng7 56. Nh6+ Kf8 57. Ng4 Ne8 58. h5 1/2-1/2

[Event "ODJM B 2014"]
[Site "Magdeburg GER"]
[Date "2014.06.11"]
[Round "6"]
[White "Giede, Anna-Blume"]
[Black "Grey, Andrea"]
[Result "1-0"]
[Termination "normal"]
[Board "13"]
[WhiteElo "1457"]
[BlackElo "1205"]
[PlyCount "119"]
[WhiteFideId "12921980"]
[BlackFideId "12971880"]
[EventCountry "GER"]
[EventRounds "9"]
[EventType "swiss"]
[EventDate "2014.06.07"]

1. e4 c5 2. c3 Nc6 3. d4 d6 4. Nf3 g6 5. Bc4 Bg7 6. dxc5 dxc5 7. Qxd8+ Nxd8 8.
Bf4 Nc6 9. O-O Nf6 10. Nbd2 O-O 11. h3 a6 12. Be2 b5 13. c4 b4 14. Rad1 Bb7 15.
Rfe1 Rfd8 16. e5 Nd7 17. Nb3 a5 18. Rxd7 Rxd7 19. Nxc5 Rc7 20. e6 Ne5 21. exf7+
Kxf7 22. Nxb7 Rxb7 23. Bxe5 Rd7 24. Bxg7 Kxg7 25. Rd1 Rc7 26. b3 h6 27. Nd4 Kf6
28. Nb5 Rc5 29. Kf1 a4 30. Bf3 Ra5 31. Rd5 Rc8 32. Ke2 axb3 33. axb3 g5 34. Bg4
Rb8 35. Rf5+ Kg7 36. Re5 Kf6 37. Re6+ Kf7 38. Rxh6 Ra2+ 39. Ke3 Rb2 40. Nd4 Rd8
41. Be6+ Kf8 42. Rh8+ Kg7 43. Rxd8 Kf6 44. c5 Ra2 45. c6 Ra5 46. c7 Rc5 47.
c8=Q Rxc8 48. Rxc8 Kg7 49. Rb8 Kf6 50. Rxb4 Ke5 51. Rc4 Kd6 52. b4 Ke5 53. b5
Kf6 54. b6 Kg7 55. b7 Kf6 56. b8=Q g4 57. Qf4+ Kg7 58. Qg5+ Kh7 59. Bf5+ Kh8
60. Rc8# 1-0

[Event "ODJM B 2014"]
[Site "Magdeburg GER"]
[Date "2014.06.11"]
[Round "6"]
[White "Breß, Aaron"]
[Black "von Schoenebeck, Konstantin"]
[Result "1/2-1/2"]
[Termination "normal"]
[Board "14"]
[WhiteElo "1364"]
[BlackElo "1023"]
[PlyCount "76"]
[WhiteFideId "12996432"]
[BlackFideId "12977349"]
[EventCountry "GER"]
[EventRounds "9"]
[EventType "swiss"]
[EventDate "2014.06.07"]

1. e4 e5 2. Nf3 Nc6 3. Bb5 Nd4 4. Bc4 d6 5. c3 b5 6. cxd4 bxc4 7. Qa4+ Qd7 8.
Qxd7+ Bxd7 9. dxe5 f6 10. exd6 Bxd6 11. Nc3 Ne7 12. b3 Be6 13. bxc4 Bxc4 14.
Nd1 O-O 15. Nb2 Ba6 16. d3 Bb7 17. Rb1 Rab8 18. Nc4 f5 19. Nxd6 cxd6 20. exf5
Bxf3 21. Rxb8 Rxb8 22. gxf3 Nxf5 23. Kd2 Rc8 24. f4 d5 25. Bb2 Kf7 26. Rc1 Rxc1
27. Kxc1 Ke6 28. Kd2 h5 29. Ba3 Kd7 30. Bc5 a6 31. h3 d4 32. Kc2 Kc6 33. Bb4
Kb5 34. Kb3 a5 35. Bd2 a4+ 36. Kc2 g6 37. a3 Kc5 38. Kd1 Kd6 1/2-1/2

[Event "ODJM B 2014"]
[Site "Magdeburg GER"]
[Date "2014.06.11"]
[Round "6"]
[White "Lommel, Hagen"]
[Black "Gutschenreiter, Donato"]
[Result "1/2-1/2"]
[Termination "normal"]
[Board "15"]
[WhiteElo "1209"]
[BlackElo "1362"]
[PlyCount "83"]
[WhiteFideId "12972380"]
[BlackFideId "12975540"]
[EventCountry "GER"]
[EventRounds "9"]
[EventType "swiss"]
[EventDate "2014.06.07"]

1. e4 e6 2. d4 d5 3. Nc3 Nf6 4. e5 Nfd7 5. Qh5 c5 6. Nf3 g6 7. Qh3 cxd4 8. Nxd4
Nxe5 9. Qg3 Nbc6 10. Nxc6 Nxc6 11. Bf4 a6 12. a3 Bg7 13. Bc7 Bxc3+ 14. Qxc3 d4
15. Qg3 Qd5 16. Be2 O-O 17. O-O Re8 18. b3 Ne7 19. Bc4 Qd7 20. Qd6 Qxd6 21.
Bxd6 Nf5 22. Be5 Rd8 23. Rad1 b5 24. Bd3 Bb7 25. Bxf5 exf5 26. Rxd4 Rxd4 27.
Bxd4 Re8 28. f3 g5 29. Kf2 h5 30. Re1 Re6 31. Re5 Rxe5 32. Bxe5 Kh7 33. g3 Kg6
34. f4 f6 35. Bd6 Kf7 36. Ke3 Ke6 37. Bc7 Kd7 38. Bb8 Be4 39. c3 Kc6 40. Kd4
Bb1 41. Ba7 Ba2 42. b4 1/2-1/2

[Event "ODJM B 2014"]
[Site "Magdeburg GER"]
[Date "2014.06.11"]
[Round "6"]
[White "Adelmeyer, Matti"]
[Black "Kalina, Joshua"]
[Result "1-0"]
[Termination "normal"]
[Board "16"]
[WhiteElo "1316"]
[BlackElo "1090"]
[PlyCount "25"]
[WhiteFideId "12962520"]
[EventCountry "GER"]
[EventRounds "9"]
[EventType "swiss"]
[EventDate "2014.06.07"]

1. e4 e5 2. Nf3 Nc6 3. d4 exd4 4. Nxd4 Nf6 5. Bg5 Be7 6. Nxc6 bxc6 7. Qf3 O-O
8. Bd3 Re8 9. O-O d6 10. h3 Rb8 11. Nd2 Kf8 12. Rfe1 Nxe4 13. Bxe7+ 1-0

[Event "ODJM B 2014"]
[Site "Magdeburg GER"]
[Date "2014.06.11"]
[Round "6"]
[White "Alcer, Johanna"]
[Black "Tamrazyan, Gohar"]
[Result "1-0"]
[Termination "normal"]
[Board "17"]
[WhiteElo "1110"]
[BlackElo "1483"]
[PlyCount "67"]
[WhiteFideId "12964450"]
[BlackFideId "1330799"]
[EventCountry "GER"]
[EventRounds "9"]
[EventType "swiss"]
[EventDate "2014.06.07"]

1. e4 c5 2. Nf3 Nc6 3. c3 Nf6 4. Qc2 d6 5. h3 g6 6. d4 cxd4 7. cxd4 e6 8. a3
Bg7 9. Bd3 Nd7 10. O-O Nxd4 11. Nxd4 Bxd4 12. Nc3 a6 13. Re1 O-O 14. Bf4 e5 15.
Bh6 Re8 16. Rad1 Nc5 17. Ne2 Nxd3 18. Rxd3 Bxf2+ 19. Kxf2 Qh4+ 20. Kf1 Qxh6 21.
Rxd6 Be6 22. Qc7 b5 23. Nc3 Qf8 24. Nd5 Bxd5 25. exd5 Rec8 26. Qb6 Qe7 27. Kf2
Rc2+ 28. Re2 Rxe2+ 29. Kxe2 a5 30. Rc6 b4 31. d6 Qa7 32. Qxa7 Rxa7 33. Rc7 Ra8
34. d7 1-0

[Event "ODJM B 2014"]
[Site "Magdeburg GER"]
[Date "2014.06.11"]
[Round "6"]
[White "Bajorski, Marius"]
[Black "Hoffmann, Simon"]
[Result "1/2-1/2"]
[Termination "normal"]
[Board "18"]
[WhiteElo "1807"]
[BlackElo "1126"]
[PlyCount "89"]
[WhiteFideId "12938831"]
[BlackFideId "12979686"]
[EventCountry "GER"]
[EventRounds "9"]
[EventType "swiss"]
[EventDate "2014.06.07"]

1. e4 e5 2. Nf3 Nc6 3. Bb5 Bc5 4. c3 d6 5. O-O Bd7 6. Re1 Nf6 7. d3 h6 8. Nbd2
O-O 9. Nf1 Ne7 10. Bc4 Ng6 11. Ng3 Qc8 12. d4 Bb6 13. h3 Bxh3 14. gxh3 Qxh3 15.
Bf1 Qg4 16. Nh2 Qd7 17. Nh5 Nxh5 18. Qxh5 Kh7 19. dxe5 Nxe5 20. Qf5+ Qxf5 21.
exf5 Rg8 22. Be3 g6 23. f6 Rae8 24. Bxb6 axb6 25. f4 Nd7 26. Rxe8 Rxe8 27. Bg2
c6 28. Rd1 d5 29. c4 Nxf6 30. cxd5 cxd5 31. Bxd5 Rd8 32. Bf3 Rxd1+ 33. Bxd1 Nd5
34. Bf3 Nxf4 35. Bxb7 Nd3 36. b3 Nc1 37. a4 Nxb3 38. Bd5 Nc5 39. a5 bxa5 40.
Bxf7 Kg7 41. Bc4 a4 42. Nf3 a3 43. Nd4 Ne4 44. Nc2 Kf6 45. Nxa3 1/2-1/2

[Event "ODJM B 2014"]
[Site "Magdeburg GER"]
[Date "2014.06.11"]
[Round "6"]
[White "Zimmer, Claudius"]
[Black "Petri, Ben-Luca"]
[Result "0-1"]
[Termination "normal"]
[Board "19"]
[WhiteElo "1081"]
[BlackElo "1394"]
[PlyCount "126"]
[BlackFideId "12947261"]
[EventCountry "GER"]
[EventRounds "9"]
[EventType "swiss"]
[EventDate "2014.06.07"]

1. e4 e5 2. Nf3 Nc6 3. d4 exd4 4. Bc4 Nf6 5. e5 d5 6. Bb5 Ne4 7. Nxd4 Bd7 8.
Bxc6 bxc6 9. f3 Qh4+ 10. Ke2 Qf2+ 11. Kd3 Nc5+ 12. Kc3 Na4+ 13. Kd3 c5 14. Ne2
Bb5+ 15. Kd2 g6 16. Qe1 Qxg2 17. f4 Bh6 18. Kd1 Bxe2+ 19. Qxe2 Qxh1+ 20. Qe1
Qxe1+ 21. Kxe1 Rb8 22. b3 Nb6 23. Nc3 a6 24. Kf2 d4 25. Ne4 c4 26. Kf3 cxb3 27.
axb3 Ra8 28. Nc5 a5 29. Ke4 O-O 30. Kxd4 Rfd8+ 31. Ke3 Nd5+ 32. Kf3 Ra7 33. Nd3
Bf8 34. Bd2 Rda8 35. Ke4 Nb4 36. Nb2 Nxc2 37. Ra4 Bb4 38. Bxb4 axb4 39. Rxa7
Rxa7 40. Na4 Na1 41. Nc5 Ra3 42. e6 fxe6 43. Nxe6 Rxb3 44. Nxc7 Rc3 45. Nd5 Ra3
46. Nxb4 Ra4 47. Ke5 Rxb4 48. h4 Kf7 49. h5 gxh5 50. Kf5 Rb5+ 51. Ke4 Ke6 52.
Ke3 Kf5 53. Kf3 Rb3+ 54. Ke2 Kxf4 55. Kd2 Nc2 56. Kxc2 Rh3 57. Kd2 Ke4 58. Ke2
Rh2+ 59. Kd1 Ke3 60. Kc1 Kd3 61. Kb1 Kc3 62. Ka1 Kb3 63. Kb1 Rh1# 0-1

[Event "ODJM B 2014"]
[Site "Magdeburg GER"]
[Date "2014.06.11"]
[Round "6"]
[White "Grothe, Pascal"]
[Black "Gan, Maxwell"]
[Result "1-0"]
[Termination "normal"]
[Board "20"]
[WhiteElo "1236"]
[BlackElo "1109"]
[PlyCount "95"]
[BlackFideId "16210581"]
[EventCountry "GER"]
[EventRounds "9"]
[EventType "swiss"]
[EventDate "2014.06.07"]

1. e4 e5 2. Nf3 Nc6 3. Bc4 Bc5 4. d3 d6 5. Nc3 Bg4 6. Be3 Bd4 7. h3 Bh5 8. g4
Bg6 9. Qd2 Nge7 10. Bxd4 exd4 11. Nd5 f6 12. Nxe7 Nxe7 13. Nxd4 Qd7 14. f4 Rf8
15. f5 Bf7 16. Ne6 Bxe6 17. Bxe6 Qb5 18. Qc3 c6 19. b3 d5 20. a4 Qb6 21. O-O-O
Qe3+ 22. Kb1 g6 23. Rde1 Qf4 24. exd5 cxd5 25. Bxd5 Rd8 26. Bxb7 gxf5 27. gxf5
Qxf5 28. Bc6+ Kf7 29. Rhf1 Qg5 30. b4 Rc8 31. Qc4+ Kg7 32. Rxe7+ Kh6 33. Rxa7
Rg8 34. b5 Rb8 35. a5 Rg7 36. Rf7 Rxf7 37. Qxf7 Rxb5+ 38. Bxb5 Qxb5+ 39. Qb3
Qxa5 40. Rxf6+ Kg5 41. Rf1 Qd8 42. Qb5+ Kg6 43. Qf5+ Kg7 44. Rg1+ Kh6 45. Qf4+
Kh5 46. Qf7+ Kh6 47. Qg7+ Kh5 48. Qxh7# 1-0

[Event "ODJM B 2014"]
[Site "Magdeburg GER"]
[Date "2014.06.11"]
[Round "6"]
[White "Triantafillidis, Simeon"]
[Black "Müdder, Melanie"]
[Result "1/2-1/2"]
[Termination "normal"]
[Board "21"]
[WhiteElo "1361"]
[BlackElo "1098"]
[PlyCount "57"]
[WhiteFideId "12953113"]
[BlackFideId "12994103"]
[EventCountry "GER"]
[EventRounds "9"]
[EventType "swiss"]
[EventDate "2014.06.07"]

1. e4 e5 2. Nf3 Nc6 3. Bc4 Nf6 4. Ng5 Bc5 5. Bxf7+ Ke7 6. Bb3 Rf8 7. O-O d6 8.
h3 h6 9. Nf3 Nxe4 10. Qe1 Ng3 11. d4 Nxd4 12. Nxe5 Ne6 13. Ng6+ Kf7 14. Nxf8
Qxf8 15. Be3 Bxe3 16. Qxe3 Nxf1 17. Kxf1 Qe7 18. Nc3 Bd7 19. Re1 Re8 20. Nd5
Qd8 21. Qf3+ Kg8 22. Qg4 c6 23. Nf4 d5 24. Nxe6 Qf6 25. c4 Bxe6 26. Qe2 dxc4
27. Bxc4 Bxc4 28. Qxc4+ Kf8 29. Qc5+ 1/2-1/2